[Event "FRA-chT U20"]
[Site "Mulhouse"]
[Date "2005.12.19"]
[Round "5"]
[White "Sochacki, Christophe"]
[Black "Iss, Gabriel"]
[Result "1-0"]
[WhiteElo "2044"]
[BlackElo "1510"]
[PlyCount "47"]
[EventDate "2005.12.??"]
[EventType "team"]
[EventRounds "11"]
[EventCountry "FRA"]
[SourceTitle "EXT 2007"]
[Source "ChessBase"]
[SourceDate "2006.11.23"]
[SourceVersion "1"]
[SourceVersionDate "2006.11.23"]
[SourceQuality "1"]
[WhiteTeam "AECE"]
[BlackTeam "Mulhouse"]
[WhiteTeamCountry "FRA"]
[BlackTeamCountry "FRA"]

1. e4 c5 2. Nf3 Nc6 3. b4 Nxb4 4. c3 Nc6 5. d4 d5 6. exd5 Qxd5 7. Bd3 Bg4 8. 0-0 cxd4 9. cxd4 Bxf3 10. gxf3 Nf6 11. Nc3 Qxd4 12. Nb5 Qd8 13. Bf4 Rc8 14. Qb3 Nd7 15. Bf5 e6 16. Bxe6 Qf6 17. Rfe1 Be7 18. Bxd7+ Kxd7 19. Rad1+ Ke8 20. Qd5 Rd8 21. Nc7+ Kf8 22. Qxd8+ Nxd8 23. Rxd8+ Bxd8 24. Re8# 1-0

[Event "FRA-chT U20a 0405"]
[Site "France"]
[Date "2005.05.15"]
[Round "9.6"]
[White "Bensaid, Alexandre"]
[Black "Iss, Gabriel"]
[Result "1-0"]
[WhiteElo "1760"]
[BlackElo "1220"]
[PlyCount "101"]
[EventDate "2004.11.19"]
[EventType "team"]
[EventRounds "11"]
[EventCountry "FRA"]
[SourceTitle "EXT 2006"]
[Source "ChessBase"]
[SourceDate "2005.11.24"]
[SourceVersion "1"]
[SourceVersionDate "2005.11.24"]
[SourceQuality "1"]

1. e4 e5 2. Nf3 Nc6 3. Bb5 a6 4. Ba4 Nf6 5. 0-0 Bc5 6. c3 0-0 7. Re1 d6 8. h3 b5 9. Bc2 Bb6 10. d4 h6 11. a4 Bb7 12. d5 Ne7 13. Nbd2 Ng6 14. Nf1 Qd7 15. Ng3 Rfc8 16. axb5 axb5 17. Rxa8 Rxa8 18. Nf5 Ra1 19. Qe2 Ne8 20. Bd3 c6 21. c4 bxc4 22. dxc6 Qxc6 23. Bxc4 Bc7 24. h4 Ba6 25. b3 Bxc4 26. bxc4 Qa4 27. g3 Ba5 28. Rf1 Ra2 29. Qd3 Qc2 30. Qd5 Qe2 31. Nh2 Bb6 32. Be3 Bxe3 33. Nxe3 Nf6 34. Qc6 d5 35. exd5 Ne4 36. Qc8+ Nf8 37. Qf5 Nxg3 38. Qf3 Qxf3 39. Nxf3 Nxf1 40. Kxf1 Ra1+ 41. Kg2 e4 42. Nd2 f5 43. Nxf5 Ng6 44. Nxe4 Ra4 45. Ne3 Nxh4+ 46. Kh3 Ng6 47. Nc3 Ra3 48. Nb5 Ra2 49. Kg3 Ne5 50. c5 Rd2 51. c6 1-0

[Event "FRA-chT U20 0405"]
[Site "France"]
[Date "2004.11.21"]
[Round "3.6"]
[White "Neuhauser, Salome"]
[Black "Iss, Gabriel"]
[Result "1-0"]
[WhiteElo "1670"]
[BlackElo "1220"]
[PlyCount "175"]
[EventDate "2004.11.20"]
[EventType "team"]
[EventRounds "11"]
[EventCountry "FRA"]
[SourceTitle "CBM 103 Extra"]
[Source "ChessBase"]
[SourceDate "2005.01.01"]
[SourceVersion "1"]
[SourceVersionDate "2005.01.01"]
[SourceQuality "1"]

1. e4 e5 2. Nf3 Nc6 3. Bc4 Bc5 4. Nc3 Nf6 5. d3 h6 6. h3 d6 7. Bd2 Be6 8. Bb5 0-0 9. g4 Qd7 10. g5 hxg5 11. Bxg5 Ne8 12. Rg1 Kh8 13. Qd2 f6 14. Be3 a6 15. Bxc6 Qxc6 16. Nh4 Kg8 17. Bh6 Rf7 18. Ng6 Kh7 19. Be3 Bxe3 20. Qxe3 Kg8 21. Qe2 Rd7 22. Qh5 Bxh3 23. Qxh3 Kf7 24. 0-0-0 Rdd8 25. Qh8 Qd7 26. Nd5 c6 27. Qf8+ Ke6 28. Qg8+ Qf7 29. Nc7+ Nxc7 30. Qxf7+ Kxf7 31. f4 exf4 32. Nxf4 g5 33. Rh1 Nb5 34. Ne2 Rh8 35. c3 Kg6 36. Ng3 Rh7 37. Rxh7 Kxh7 38. Rh1+ Kg6 39. Nf5 d5 40. a4 Nc7 41. Rh6+ Kf7 42. Rh7+ Ke6 43. Rxc7 dxe4 44. dxe4 Ke5 45. Re7+ Kf4 46. Kd2 Rg8 47. Ke2 g4 48. Kf2 b5 49. axb5 cxb5 50. Ng3 Rh8 51. Ne2+ Kg5 52. Rg7+ Kh4 53. Kg2 Rd8 54. Nd4 Ra8 55. Nf5+ Kh5 56. Kg3 a5 57. Rxg4 b4 58. cxb4 axb4 59. Rh4+ Kg5 60. b3 Ra3 61. Nd4 Kg6 62. Kf4 Ra2 63. Rh3 Rf2+ 64. Rf3 Rh2 65. Rg3+ Kf7 66. Nc6 Ke6 67. Nxb4 Rh4+ 68. Rg4 Rh3 69. Rg3 Rh4+ 70. Ke3 f5 71. exf5+ Kxf5 72. Nd3 Re4+ 73. Kd2 Ke6 74. Re3 Rxe3 75. Kxe3 Kd7 76. Kd4 Kd6 77. Nb4 Kc7 78. Kc5 Kb7 79. Nd5 Ka8 80. Kb6 Kb8 81. b4 Ka8 82. Nc7+ Kb8 83. b5 Kc8 84. Na6 Kd8 85. Kc6 Kc8 86. b6 Kd8 87. b7 Ke7 88. b8Q 1-0